Vector control of induction motor using fuzzy-neural network /
Saved in:
| Main Author: | |
|---|---|
| Format: | Thesis Book |
| Language: | English |
| Published: |
2010.
|
| Subjects: | |
| Tags: |
Add Tag
No Tags, Be the first to tag this record!
|
| LEADER | 01040cam a2200277 a 4500 | ||
|---|---|---|---|
| 001 | u853628 | ||
| 003 | SIRSI | ||
| 005 | 201203221308 | ||
| 008 | 120322s2010 my a t 000 0 eng m | ||
| 040 | |a UMM |d UMJ | ||
| 090 | |a TK7 |b UM 2010 Zhe | ||
| 097 | |a TK7 |b UM 2010 Zhe | ||
| 100 | 1 | |a Zheng, Yang. | |
| 245 | 1 | 0 | |a Vector control of induction motor using fuzzy-neural network / |c Zheng Yang. |
| 260 | |c 2010. | ||
| 300 | |a xviii, 138 leaves : |b ill. ; |c 30 cm. | ||
| 502 | |a Dissertation (M.Eng.) -- Jabatan Kejuruteraan Elektrik, Fakulti Kejuruteraan, Universiti Malaya, 2010. | ||
| 504 | |a Bibliography: leaves 132-138. | ||
| 650 | 0 | |a Electric motors, Induction. | |
| 650 | 0 | |a Neural networks (Computer science). | |
| 650 | 0 | |a Fuzzy logic. | |
| 710 | 2 | |a Universiti Malaya. |b Jabatan Kejuruteraan Elektrik. | |
| 900 | |a AT-ZA | ||
| 596 | |a 1 7 | ||
| 999 | |a TK7 UM 2010 ZHE |w LC |c 1 |i A515696935 |d 6/1/2014 |f 6/1/2014 |g 1 |l STACKS |m P01UTAMA |r Y |s Y |t TESIS |u 6/1/2014 | ||
| 999 | |a TK7 UM 2010 ZHE |w LC |c 1 |i A513411649 |l STACKS |m P07JURUTER |r N |s Y |t TESIS |u 3/4/2014 | ||
